Abecedário maluco (Registo nº 28081)

Detalhes MARC
000 -Etiqueta do registo
Valores 00605nam a2200241 4500
010 ## - Número ISBN
ISBN 9722621815
021 ## - Número do Depósito Legal
-- PT
Número 214765/04
090 ## -
-- 28081
100 ## - Dados gerais de processamento
Dados gerais 20070627d2004 c y0pory5001 ba
106 ## -
-- r
105 ## -
-- a z 001gy
102 ## - País de publicação
-- PT
-- Porto
101 0# - Língua de publicação
-- por
-- por
200 1# - Titulo e menção de responsabilidade
Título próprio Abecedário maluco
Primeira menção de responsabilidade Luisa Ducla Soares
Outras menções de responsabilidade il. Joana Alves
215 ## - Descrição física 
Paginação / Volumes 18 p.
Dimensões 22 cm
210 ## - Publicação
Local de publicação Porto
Nome do editor Livraria Civilização
Data de publicação 2004
675 ## - CDU
Notação 087.5
Edição BN
Língua por
702 #1 - Autor secundário (pessoa individual)
Apelido Alves
Nome Joana
-- 440
700 #1 - Autor principal (pessoa individual)
Apelido Soares
Nome Luisa Ducla
930 ## -
-- BE/CRE
990 ## - Elementos KOHA
Tipo de documento Livro
995 ## - Localização e informação dos exemplares
-- 18
Exemplares
Situação do levantamento Estado Biblioteca de origem Biblioteca de empréstimo Código de barras Cota Permissão de empréstimo Tipo de documento
  Completo Biblioteca da Escola Básica de Aguiar Biblioteca da Escola Básica de Aguiar 11BA 087.5 SOA Disponível Livro




Powered by Koha